000 00533nam a2200169Ia 4500
999 _c19776
_d19776
003 OSt
005 20200629113251.0
008 190216s9999||||xx |||||||||||||| ||und||
040 _coclc
082 _a934.01
_bPOS/H
100 _a Possehl, Gregory L
_93300
245 0 _aHarappan Civilization A Contemporary Perspective /
_cGregory L Possehl
260 _bOxford And Ibh Publishing Co. Pvt Ltd,
_c1982.
_aNew Delhi:
300 _a440p
650 _aHistory
942 _cBK
_2ddc
_h934.01
_iPOS/H
_k934.01
_mPOS/H